000 00869cam a2200193 4500
001 WS111024
008 000000n 000 0 eng u
035 _a(Sirsi) u111024
245 _aAmerican Bar Association : Section for Dispute Resolution
520 _aSite for this division of the American Bar Association specialising in dispute resolution which aims to educate its members in arbitration and mediation issues. Includes its 'Dispute Resolution Magazine' outlining selected articles.
650 _aUSA
650 _aINTERNATIONAL
650 _aMEDIATION
650 _aMANAGEMENT-DISPUTE AVOIDANCE, MANAGEMENT AND RESOLUTION-DISPUTE MANAGEMENT AND RESOLUTION-ARBITRATION
650 0 _aJOURNALS
690 _aDispute resolution
_96236
856 4 0 _uhttps://www.abanet.org/dispute
_zView the website free of charge at www.abanet.org/dispute...
942 _n0
999 _c119803
_d119803